000 00488nam a2200133Ia 4500
005 20260209120147.0
008 260209s9999||||xx |||||||||||||| ||und||
100 _aAkshay
245 0 _aDilemma of sedition : revisiting the concept and analysing the way forward
260 _aBangaloreBangalore
_bNLSIU, Bangalore
_c2023
300 _axi, 39 p. ; 25 cm.
700 _aMr. Kunal Ambasta - SupervisorMr. Kunal Ambasta - Supervisor
856 _uhttps://dans.nls.ac.in/handle/123456789/1182
999 _c217576
_d217576